000 01070nam a22003377a 4500
001 BR9602187
003 BR-BrBNA
005 20230928095221.0
007 ta
008 230509b bl.||||| |||| 00| 0 por d
040 _aBR-BrBNA
_bpor
_cBiblioteca Nacional de Agricultura
041 _a(Por)
072 _aF02
_b0910
_b0710
_b0718
090 _ 0910 BR9602187
100 1 _aSouza, A.S. de
110 1 _aUniversidade Federal de Lavras, MG (Brasil)
_0Tese (Mestrado)
245 1 _aEfeitos da sacarose e do fotoperiodo na propagacao in vitro da cv. Ebano de amora-preta e dos porta-enxertos de macieira "MM.111" e pereira Pyrus calleryana Deene
260 3 _aLavras, MG (Brasil):
_c1995.
300 _a36 p.
500 _aSummaries (Eng, Por); Bibliography p. 32-36; 11 illus.
650 _aAmora Preta
650 _aMaca
650 _aPera
650 _aCultura de Tecido
650 _aReproducao Vegetal
650 _aPorta Enxerto
650 _aFotoperiodismo
650 _aMeio de Cultura
909 _a202309
_bLucia
_c55
_dLucia Elande
942 _cBK
999 _c55247
_d55247